| 000 | 00499nam a22001577a 4500 | ||
|---|---|---|---|
| 003 | OSt | ||
| 005 | 20260623080657.0 | ||
| 008 | 260623b |||||||| |||| 00| 0 eng d | ||
| 024 | _aMPPA/6001/2021 | ||
| 040 | _cRongo University | ||
| 050 |
_aJF1525 D5 _b.L85 |
||
| 100 | _aLukaya Neville | ||
| 245 | _aInfluence of digitalization of Government services on the employment environment: A case of Kisumu County Government, Kenya | ||
| 260 |
_aRongo, Kenya _bRongo University _c2025 |
||
| 942 |
_2lcc _cTH |
||
| 999 |
_c266415 _d266414 |
||